Sartre y el estructuralismo
Guardat en:
| Autors principals: | , , , |
|---|---|
| Format: | Llibre |
| Idioma: | espanyol |
| Publicat: |
Buenos Aires
Quintaria
1968
|
| Matèries: | |
| Etiquetes: |
Afegir etiqueta
Sense etiquetes, Sigues el primer a etiquetar aquest registre!
|
MARC
| LEADER | 00000nam a2200000 a 4500 | ||
|---|---|---|---|
| 001 | UCX1947 | ||
| 003 | CL-VaPUC | ||
| 008 | 901204e19680000AG |||||||||||||||||spa|d | ||
| 082 | 0 | 4 | |a 149.96 |b POU |2 21 |
| 100 | 0 | |a Poulantzas, Nicos |e author |9 317670 | |
| 700 | 0 | |a Pouillon, Jean |e author |9 317671 | |
| 700 | 0 | |a Sartre, Jean-Paul |e author |9 269377 | |
| 700 | |a Lévi-Strauss, Claude |e author |9 265689 | ||
| 245 | 1 | 0 | |a Sartre y el estructuralismo |
| 300 | |a 60 p | ||
| 942 | |c BK | ||
| 945 | |d 19901204 00:00:00 | ||
| 260 | |a Buenos Aires |b Quintaria |c 1968 | ||
| 600 | 0 | 7 | |a SARTRE, JEAN-PAUL |2 CL-VaPUC |9 269377 |
| 650 | 0 | |a Estructuralismo |9 265696 | |
| 650 | 0 | |a Filosofía del lenguaje |9 257082 | |
| 650 | 0 | |a Crítica e interpretación |9 255042 | |
| 583 | |a last modification |c 20121003 12:36:06 |k Rodrigo Vera | ||
| 999 | |c 223073 |d 223071 | ||
| 952 | |0 0 |1 0 |4 0 |6 149_960000000000000_POU_1968 |7 0 |8 A |9 218512 |a BIBHIS |b BIBHIS |d 2019-11-15 |i 1331345 |o 149.96 POU 1968 |p 1331345 |r 2025-01-20 |w 2019-11-15 |y BK |k HIS | ||